Statistiques concernant Deuxième Harry Potter

Cliquez ici pour prendre le quiz!

Statistiques générales

  • Ce quiz a été pris 111 fois
  • Le résultat moyen est 7 sur 15

Statistiques - réponses

Prénom et nomDeuxième nom% Correct
Harry PotterJames
99%
Albus PotterSeverus
89%
James Potter JrSirius
85%
Lily Potter JrLuna
81%
Hermione GrangerJean
78%
Ronald WeasleyBilius
74%
Regulus BlackArcturus
54%
Dolores OmbrageJane
44%
Ginny WeasleyMolly
40%
Bill WeasleyArthur
24%
Cornelius FudgeOswald
18%
Percy WeasleyIgnatius
16%
Amelia BonesSusan
15%
Scorpius MalefoyHyperion
8%
Marge DursleyEileen
7%

Distribution des résultats

Percentile par nombre de réponses

% des personnes avec chaque résultat

Votre développement - résultats

Vous n’avez pas pris ce quiz